Whither the Arctic Ocean? : (Record no. 196063)

MARC details
000 -LEADER
campo de control de longitud fija 01631nam a2200373 i 4500
001 - NÚMERO DE CONTROL
campo de control 196063
003 - IDENTIFICADOR DE NÚMERO DE CONTROL
campo de control ES-MaACL
005 - FECHA Y HORA DE LA ÚLTIMA TRANSACCIÓN
campo de control 20250429063012.0
008 - DATOS DE LONGITUD FIJA--INFORMACIÓN GENERAL
campo de control de longitud fija 240811s2021 sp a | |||| 000 0 eng
015 ## - NÚMERO DE BIBLIOGRAFÍA NACIONAL
Número de bibliografía nacional MON21
017 ## - NÚMERO DE COPYRIGHT O DE DEPÓSITO LEGAL
Número de copyright o de depósito legal BI 110-2021
Agencia que asigna Oficina Depósito Legal Vizcaya
020 ## - NÚMERO INTERNACIONAL ESTÁNDAR DEL LIBRO
Número Internacional Estándar del Libro 9788492937820
035 ## - NÚMERO DE CONTROL DEL SISTEMA
Número de control de sistema (SpMaBN)a7007140
035 ## - NÚMERO DE CONTROL DEL SISTEMA
Número de control de sistema 991039261699708606
040 ## - FUENTE DE CATALOGACIÓN
Centro catalogador/agencia de origen SpMaBN
Lengua de catalogación spa
Centro/agencia transcriptor SpMaBN
Normas de descripción rda
080 ## - NÚMERO DE LA CLASIFICACIÓN DECIMAL UNIVERSAL
Número de la Clasificación Decimal Universal 551.583(268)
245 00 - MENCIÓN DEL TÍTULO
Título Whither the Arctic Ocean? :
Resto del título Research, Knowledge Needs, and Development en Route to the New Arctic /
Mención de responsabilidad, etc. Paul Wassmann (ed.).
264 #1 - PRODUCCIÓN, PUBLICACIÓN, DISTRIBUCIÓN, FABRICACIÓN Y COPYRIGHT
Producción, publicación, distribución, fabricación y copyright Bilbao :
Nombre del de productor, editor, distribuidor, fabricante BBVA Foundation,
Fecha de producción, publicación, distribución, fabricación o copyright [2021].
264 #4 - PRODUCCIÓN, PUBLICACIÓN, DISTRIBUCIÓN, FABRICACIÓN Y COPYRIGHT
Fecha de producción, publicación, distribución, fabricación o copyright ©2021
300 ## - DESCRIPCIÓN FÍSICA
Extensión 261 páginas :
Otras características físicas ilustraciones (color) ;
Dimensiones 24 cm.
336 ## - TIPO DE CONTENIDO
Término de tipo de contenido Texto
Fuente rdacontent
337 ## - TIPO DE MEDIO
Nombre/término del tipo de medio sin mediación
Fuente rdamedia
338 ## - TIPO DE SOPORTE
Nombre/término del tipo de soporte volumen
Fuente rdacarrier
504 ## - NOTA DE BIBLIOGRAFÍA, ETC.
Nota de bibliografía, etc. Incluye referencias bibliográficas. Índice
530 ## - NOTA DISPONIBLE DE FORMULARIO FÍSICO ADICIONAL
Nota de formato físico adicional disponible Disponible también en línea: https://www.biophilia-fbbva.es/wp-content/uploads/sites/3/2021/05/DE_2021_whither_the_arctic_ocean_Wassmann.pdf
650 #0 - PUNTO DE ACCESO ADICIONAL DE MATERIA--TÉRMINO DE MATERIA
Término de materia o nombre geográfico como elemento de entrada Cambios climáticos-
Subdivisión geográfica Ártico
Fuente del encabezamiento o término embne
9 (RLIN) 238074
700 ## - ENTRADA AGREGADA--NOMBRE PERSONAL
Nombre de persona Wassmann, Paul
9 (RLIN) 238075
Término indicativo de función/relación Editor literario
852 ## - LOCALIZACIÓN
Ubicación ES-MaACL
Sublocalización o colección R.153139
Ubicación en estantería Depósito J
Número de control de estantería N-9190
Donativo/Legado Donación: Editorial
Encuadernación Encuadernación cartoné
itemnumber 205095
856 41 - LOCALIZACIÓN Y ACCESO ELECTRÓNICOS
Identificador Uniforme de Recursos <a href="https://www.biophilia-fbbva.es/publicaciones/whither-the-arctic-ocean-research-knowledge-needs-and-development-en-route-to-the-new-arctic/">https://www.biophilia-fbbva.es/publicaciones/whither-the-arctic-ocean-research-knowledge-needs-and-development-en-route-to-the-new-arctic/</a>
Texto de enlace Versión en línea
942 ## - ELEMENTOS DE ENTRADA SECUNDARIOS (KOHA)
Tipo de ítem Koha Libro impreso
Suprimir en OPAC No
Holdings
Estatus retirado Estado de pérdida Fuente del sistema de clasificación o colocación Estado de daño No para préstamo Biblioteca de origen Biblioteca actual Ubicación en estantería Fecha de adquisición Fuente de adquisición Total de préstamos Signatura topográfica completa Código de barras Visto por última vez Precio de reemplazo Tipo de ítem Koha
    Clasificación decimal universal     Biblioteca del Ateneo de Madrid Biblioteca del Ateneo de Madrid Depósito J 27/04/2025 Donación   N-9190 101229930 27/04/2025 27/04/2025 Libro impreso